| 000 | 01135nam0a2200325 4500 | ||
|---|---|---|---|
| 001 | RU\NLR\bibl\543229 | ||
| 005 | 20250609154437.0 | ||
| 010 |
_a5-7850-0112-8 _910000 |
||
| 021 |
_aRU _b2004-37303 _91867 |
||
| 035 | _a(NLR Aleph) 000535459 | ||
| 090 |
_a1379803 _c1379803 |
||
| 100 | _a20040805d2004 |||y0rusy50 ca | ||
| 101 | 0 | _arus | |
| 102 | _aRU | ||
| 105 | _ay ||||||||| | ||
| 200 | 1 |
_aЧто надо знать вступающим в брак _eКн. для родителей, женихов и невест, свидетелей |
|
| 210 |
_aМ. _cКовчег _cНовая кн. _d2004 |
||
| 215 |
_a29,[1] с. _d17 |
||
| 606 | 0 |
_aБрак _xПравославная концепция _92054948 _3RU\NLR\auth\661232302 |
|
| 610 | 0 | _aВенчание (религ.) | |
| 610 | 0 | _aОбряды семейные русские | |
| 610 | 0 | _aПравославные обряды | |
| 675 |
_a271.22-5 _v3 _zrus |
||
| 686 | _aЭ372.24-113.2 | ||
| 801 | 0 |
_aRU _bNLR _c20040805 _gPSBO |
|
| 801 | 1 |
_aRU _bNLR _c20040805 |
|
| 942 | _cBOOK | ||
| 980 | _aNB | ||